Countries that end with N - Statistics

General Stats
  • This quiz has been taken 20 times
  • The average score is 19 of 25
Answer Stats
Answer % Correct
Afghanistan
88%
Japan
88%
Kyrgyzstan
88%
Oman
88%
Pakistan
88%
Tajikistan
88%
Turkmenistan
88%
Uzbekistan
88%
Yemen
88%
Iran
82%
Kazakhstan
82%
Sweden
82%
Bhutan
76%
Jordan
76%
Spain
76%
Sudan
76%
Bahrain
71%
Benin
71%
Lebanon
71%
South Sudan
71%
Azerbaijan
65%
Gabon
65%
Taiwan
65%
Cameroon
53%
Liechtenstein
53%
No matching quizzes found
Score Distribution
Percent of People with Each Score
Percentile by Number Answered
Your Score History
You have not taken this quiz